000 00710nam a2200193Ia 4500
003 GCL
008 140319s9999 xx 000 0 ara d
040 _aGCL /
_cGCL
082 0 4 _aط
_b005.3
_bد س
100 1 _aانيس حبلى
245 1 0 _aسلسلة انا والكمبيوتر : ''جهاز الاتارى'' /
_cانيس حبلى
260 _aبيروت :
_bدار الراتب الجامعية
300 _aمتعدد ؛
_c25 سم
490 _aسلسلة انا والكمبيوتر
_v2
650 0 4 _aالحاسبات الالكترونية
650 0 4 _aالحاسبات الالكترونية الشخصية
650 0 4 _aمدخلات الحاسبات الالكترونية
942 _2ddc
_cBK
999 _c9138
_d9138